Chinas Nachbarn - Sudden Death - Statistiken

Allgemein
  • Dieses Quiz wurde 891 mal gespielt
  • Das Durchschnittsergebnis liegt bei 7 aus 14
Answers on the Grid
Answers color-coded by a green-red scale on the quiz's grid according to % correct below.
Afghanistan
Aserbaidschan
Bangladesch
Bhutan
Kambodscha
Dänemark
Ägypten
Frankreich
Indien
Iran
Japan
Jordanien
Kasachstan
Kirgisistan
Laos
Mongolei
Myanmar
Nepal
Nordkorea
Pakistan
Russland
Seychellen
Singapur
Südkorea
Tadschikistan
Thailand
Turkmenistan
Vietnam
 
Antwortstatistiken
Antwort % Korrekt
Russland
77%
Mongolei
76%
Nordkorea
73%
Nepal
63%
Indien
62%
Vietnam
56%
Bhutan
51%
Pakistan
46%
Kasachstan
45%
Myanmar
40%
Kirgisistan
37%
Laos
37%
Afghanistan
34%
Tadschikistan
32%
Keine übereinstimmenden Quizze gefunden
Verteilung der Resultate
Anzahl Personen mit jedem Resultat
Perzentil nach korrekt beantworteten Fragen
Ihre Resultats-Entwicklung
Sie haben dieses Quiz noch nicht gespielt